| 000 | 00952nas a2200325 4500 | ||
|---|---|---|---|
| 001 | BR0304109 | ||
| 003 | BR-BrBNA | ||
| 005 | 20231205104002.0 | ||
| 007 | ta | ||
| 008 | 230509b bl.|||p| |||| 00| 00por d | ||
| 040 |
_aBR-BrBNA _bpor _cBiblioteca Nacional de Agricultura |
||
| 041 | _a(En) | ||
| 072 | _aH01 | ||
| 100 | 1 | _aSilva, J.C. da | |
| 100 | 1 | _aAlves, J.D. | |
| 100 | 1 | _aAlvarenga, A.A. de | |
| 100 | 1 | _aMagalhães, M.M. | |
| 100 | 1 | _aLivramento, D.E. do | |
| 100 | 1 | _aFries, D.D. | |
| 245 | 1 | _aInvertase and sucrose synthase activities in coffee plants sprayed with sucrose solution | |
| 650 | _aCAFÉ | ||
| 650 | _aPULVERIZAÇÃO FOLIAR | ||
| 650 | _aACÚCAR | ||
| 650 | _aATIVIDADE ENZÍMICA | ||
| 650 | _aSACAROSE | ||
| 650 | _aINVERTASE | ||
| 773 | 0 |
_tScientia Agrícola (Brazil) _xISSN 0103-9016 _g(Apr-Jun 2003), v. 60(2) p. 239-244 _wBR0304109 |
|
| 909 |
_a202311 _bLúcia _c55 _dLúcia Elande |
||
| 942 |
_2AGRIS _n0 _cANA |
||
| 999 |
_c175800 _d175800 |
||